Géographie en musique # 1 - Statistiques

Statistiques générales
  • Ce quiz a été pris 57 fois
  • Le résultat moyen est 10 sur 15
Statistiques - réponses
Interprète Réponse % Correct
Claude François {Alexandrie}, Alexandra
94%
Orelsan La {Terre} est ronde
91%
Renaud / Axelle Red Manhattan - {Kaboul}
91%
Bruce Springsteen Born in the {USA}
89%
Johnny Hallyday Quelque chose de {Tennessee}
85%
Ilona Mitrecey Un {monde} parfait
85%
Michel Polnareff Lettre à {France}
77%
Psy {Gangnam} style
75%
Téléphone {New York} avec toi
75%
Eddy Mitchell Sur la route de {Memphis}
75%
Les inconnus Auteuil {Neuilly} Passy
68%
Jean-Jacques Goldman Né en 17 à {Leidenstadt}
47%
Les innocents L'autre {Finistère}
43%
Renaud Balade {irlandaise}
40%
Vianney La fille du {Sud}
13%
Aucun quiz correspondant
Distribution des résultats
% des personnes avec chaque résultat
Percentile par nombre de réponses
Votre historique - résultats
Vous n’avez pas pris ce quiz